000 01385cam a2200301 ia4500
003 SA-RiAUC
005 20250527081529.0
008 240922s2005____su g i f00000 ara c
040 _aSA-MaHRM
_bara
_cSA-RiAUC
_erda
082 0 4 _a222.1
_qSA-RiAUC
090 _a222.1
_bم د ي
100 1 _aالمديني، محمد بن عمر بن أحمد،
_d501-581 هجري
_eمؤلف.
245 1 2 _aالمجموع المغيث في غريبي القرآن والحديث /
_cأبو موسى محمد بن أبي بكر بن أبي عيسى المدني الأصفهاني ؛ تحقيق عبد الكريم الغرباوي.
250 _aالطبعة الاولى.
264 1 _aمكة المكرمة :
_bجامعة أم القرى، مركز إحياء التراث الإسلامي،
_c1986
300 _a مجلد ؛
_c24 سم.
336 _aنص
_btxt
_2rdacontent
_3كتاب
337 _aبدون وسيط
_bn
_2rdamedia
338 _aمجلد
_bnc
_2rdacarrier
490 0 _aمن التراث الإسلامي
630 2 7 _aالقرآن
_xغريب
_vكشافات
_2aucut
650 7 _aغريب الحديث
_vكشافات
_2aucsh
700 1 _aالغرباوي، عبد الكريم
_eمحقق.
730 2 2 _aالقرآن
740 2 2 _aالمجموع المغيث في غريبي القرآن والحديث.
942 _2ddc
_cBOOK
_n0
949 _aSA-JeALM
_d240922
_umohamedma123
_n1
999 _c521
_d521